000 00665nam a2200181 i 4500
001 37884
003 ES-MaACL
005 20251120063128.0
007 t|
008 030224s1964 sp ||||1| spa d
100 1 _aBurgo, Jaime del,
_d1912-2005
_932641
245 1 0 _aRecursos turísticos de Navarra
_b: la tierra, El camino de Santiago, El valle de Roncal, Otros conjuntos turísticos /
_cJaime del Burgo.
260 _aPamplona :
_bDiputación Foral de Navarra,
_c[1964]
300 _a287 p., 6 lám. :
_bil. ;
_c24 cm.
650 4 _aTurismo-
_zNavarra (Comunidad Autónoma)
_9167482
852 _aES-MaACL
_jC-24587
_bR.53512
999 _c37884
_d37884